Statistics for A Level PE - Injury Prevention and Rehabilitation

Click here to take the quiz!

General Stats

  • This quiz has been taken 9 times
  • The average score is 8 of 21

Answer Stats

DefinitionKeyword% Correct
A break or a crack in a boneFracture
86%
Occurs when muscle fibres are stretched too far and tearStrain
86%
When the ends of bones are forced out of positionDislocation
71%
The use of cold temperatures to treat an injuryCryotherapy
57%
A blood clot in one of the deep veins in the bodyDeep vein thrombosis
57%
A build-up of fluid which causes swellingOedema
57%
A layer of fibrous connective tissue which surrounds the muscle or group of musclesFascia
43%
Occurs when excessive force is applied to a joint and the ligament is stretched too far or tearsSprain
43%
An overuse injury that occurs in the muscles attached to the elbow that are used to straighten the wristTennis elbow
43%
When a stretched position is held by the contraction of an agonist muscleActive stretch
29%
A sudden injury caused by a specific impact or traumatic even where a sharp pain is felt immediatelyAcute injury
29%
Uses swinging and bouncing movements Ballistic stretching
29%
Often referred to as overuse injuries Chronic injuries
29%
Used to help identify those at risk of complications from exercise, prepare performers for their sport, enhance performance and reduce injuryScreening
29%
An overuse injury that causes pain and inflammation of the Achilles tendonAchilles tendonitis
14%
Uses an external force to help the stretched positionPassive stretch
14%
Using hopping, jumping and balance exercises to restore lost proprioception Proprioceptive training
14%
When the muscle is held in a stationary position for 10 seconds or moreStatic stretching
14%
An overuse injury where the area becomes tender and swollenStress fracture
14%
Means there is no rapid eye movementNon-REM sleep
0%
Includes tendons, ligaments, muscles, nerves and blood vesselsSoft tissue
0%

Score Distribution

Percentile by Number Answered

Percent of People with Each Score

Your Score History

You have not taken this quiz